书目信息 |
| 题名: |
测量放线工实用图解
|
|
| 作者: | 王铁三 , 刘学军 编著 | |
| 分册: | ||
| 出版信息: | 济南 山东科学技术出版社 2006.09 |
|
| 页数: | 214页 | |
| 开本: | 20cm | |
| 丛书名: | 建筑工人实用技术图解丛书 | |
| 单 册: | ||
| 中图分类: | TU198-64 | |
| 科图分类: | ||
| 主题词: | 建筑测量--jian zhu ce liang--图解 | |
| 电子资源: | ||
| ISBN: | 7-5331-4359-0 | |
| 000 | 01017nam 2200265 450 | |
| 001 | 012007379652 | |
| 005 | 20070521103644.03 | |
| 010 | @a7-5331-4359-0@dCNY14.00 | |
| 100 | @a20070318d2006 km y0chiy0120 ea | |
| 101 | 0 | @achi |
| 102 | @aCN@b370000 | |
| 105 | @aa a 000yy | |
| 200 | 1 | @a测量放线工实用图解@Ace liang fang xian gong shi yong tu jie@f王铁三,刘学军编著@Fwang tie san,liu xue jun bian zhu |
| 210 | @a济南@c山东科学技术出版社@d2006.09 | |
| 215 | @a214页@c图@d20cm | |
| 225 | 2 | @a建筑工人实用技术图解丛书@Ajian zhu gong ren shi yong ji shu tu jie cong shu |
| 320 | @a有书目 (第214页)。 | |
| 330 | @a本书主要包括测量放线工识图知识,建筑施工测量的基本工作、水准仪与水准测量、经纬仪的构造与使用、角度测量原理和方法、距离丈量的直线。 | |
| 410 | 0 | @12001 @a建筑工人实用技术图解丛书 |
| 606 | 0 | @a建筑测量@Ajian zhu ce liang@j图解 |
| 690 | @aTU198-64@v4 | |
| 701 | 0 | @a王铁三@Awang tie san@4编著 |
| 701 | 0 | @a刘学军@Aliu xue jun@4编著 |
| 801 | 0 | @aCN@c20070521 |
| 905 | @a10447@dTU198-64@eW366 | |
| 测量放线工实用图解/王铁三,刘学军编著.-济南:山东科学技术出版社,2006.09 |
| 214页:图;20cm.-(建筑工人实用技术图解丛书) |
| ISBN 7-5331-4359-0:CNY14.00 |
| 本书主要包括测量放线工识图知识,建筑施工测量的基本工作、水准仪与水准测量、经纬仪的构造与使用、角度测量原理和方法、距离丈量的直线。 |
| ● |
| 相关链接 |
|
|
|
正题名:测量放线工实用图解
索取号:TU198-64/W366
 
预约/预借
| 序号 | 登录号 | 条形码 | 馆藏地/架位号 | 状态 | 备注 |
| 1 | 237996 | 202379960 | 建筑库101/101建筑库 29排3列3层/ [索取号:TU198-64/W366] | 在馆 | |
| 2 | 237997 | 202379979 | 建筑库101/101建筑库 29排3列3层/ [索取号:TU198-64/W366] | 在馆 |